All Women's Grand Slam Finals since 2010 - Statistics

General Stats
  • This quiz has been taken 91 times
    38 since last reset
  • The average score is 94 of 128
Answer Stats
Year Tournament Rd. Player % Correct
2010 Australian Open W Serena Williams
100%
2010 Wimbledon W Serena Williams
100%
F Serena Williams
100%
2012 Wimbledon W Serena Williams
100%
2012 US Open W Serena Williams
100%
2013 Roland Garros W Serena Williams
100%
2013 US Open W Serena Williams
100%
2014 US Open W Serena Williams
100%
2015 Australian Open W Serena Williams
100%
2015 Roland Garros W Serena Williams
100%
2015 Wimbledon W Serena Williams
100%
F Serena Williams
100%
2016 Wimbledon W Serena Williams
100%
2017 Australian Open W Serena Williams
100%
F Serena Williams
100%
F Serena Williams
100%
F Serena Williams
100%
F Serena Williams
100%
F Venus Williams
100%
F Venus Williams
100%
2023 Australian Open W Aryna Sabalenka
97%
F Aryna Sabalenka
97%
2024 Australian Open W Aryna Sabalenka
97%
2024 US Open W Aryna Sabalenka
97%
F Aryna Sabalenka
97%
F Aryna Sabalenka
97%
2025 US Open W Aryna Sabalenka
97%
F Aryna Sabalenka
97%
F Serena Willliams
93%
2019 Roland Garros W Ashleigh Barty
90%
2021 Wimbledon W Ashleigh Barty
90%
2022 Australian Open W Ashleigh Barty
90%
F Coco Gauff
90%
2023 US Open W Coco Gauff
90%
2025 Roland Garros W Coco Gauff
90%
2020 Roland Garros W Iga Świątek
86%
2022 Roland Garros W Iga Świątek
86%
2022 US Open W Iga Świątek
86%
2023 Roland Garros W Iga Świątek
86%
2024 Roland Garros W Iga Świątek
86%
2025 Wimbledon W Iga Świątek
86%
F Madison Keys
86%
2025 Australian Open W Madison Keys
86%
F Maria Sharapova
86%
F Maria Sharapova
86%
2012 Roland Garros W Maria Sharapova
86%
F Maria Sharapova
86%
2014 Roland Garros W Maria Sharapova
86%
F Maria Sharapova
86%
F Simona Halep
86%
F Simona Halep
86%
F Simona Halep
86%
2018 Roland Garros W Simona Halep
86%
2019 Wimbledon W Simona Halep
86%
F Caroline Wozniacki
83%
2018 Australian Open W Caroline Wozniacki
83%
2022 Wimbledon W Elena Rybakina
83%
F Elena Rybakina
83%
2026 Australian Open W Elena Rybakina
83%
F Li Na
79%
2011 Roland Garros W Li Na
79%
F Li Na
79%
2014 Australian Open W Li Na
79%
2012 Australian Open W Victoria Azarenka
79%
F Victoria Azarenka
79%
2013 Australian Open W Victoria Azarenka
79%
F Victoria Azarenka
79%
F Victoria Azarenka
79%
2018 US Open W Naomi Osaka
76%
2019 Australian Open W Naomi Osaka
76%
2020 US Open W Naomi Osaka
76%
2021 Australian Open W Naomi Osaka
76%
2021 US Open W Emma Raducanu
72%
F Amanda Anisimova
69%
F Amanda Anisimova
69%
2016 Australian Open W Angelique Kerber
69%
F Angelique Kerber
69%
2016 US Open W Angelique Kerber
69%
2018 Wimbledon W Angelique Kerber
69%
2015 US Open W Flavia Pennetta
66%
2011 Wimbledon W Petra Kvitová
66%
2014 Wimbledon W Petra Kvitová
66%
F Petra Kvitová
66%
2020 Australian Open W Sofia Kenin
66%
F Sofia Kenin
66%
2021 Roland Garros W Barbora Krejčíková
62%
2024 Wimbledon W Barbora Krejčíková
62%
2019 US Open W Bianca Andreescu
62%
F Garbiñe Muguruza
62%
2016 Roland Garros W Garbiñe Muguruza
62%
2017 Wimbledon W Garbiñe Muguruza
62%
F Garbiñe Muguruza
62%
F Justine Henin
62%
F Karolína Plíšková
62%
F Karolína Plíšková
62%
F Jessica Pegula
59%
2010 US Open W Kim Clijsters
59%
2011 Australian Open W Kim Clijsters
59%
2013 Wimbledon W Marion Bartoli
59%
F Samantha Stosur
59%
2011 US Open W Samantha Stosur
59%
2017 US Open W Sloane Stephens
59%
F Sloane Stephens
59%
2010 Roland Garros W Francesca Schiavone
55%
F Francesca Schiavone
55%
F Markéta Vondroušová
55%
2023 Wimbledon W Markéta Vondroušová
55%
2017 Roland Garros W Jeļena Ostapenko
52%
F Roberta Vinci
52%
F Leylah Fernandez
48%
F Agnieszka Radwańska
45%
F Danielle Collins
45%
F Ons Jabeur
45%
F Ons Jabeur
45%
F Ons Jabeur
45%
F Sabine Lisicki
45%
F Sara Errani
45%
F Jasmine Paolini
41%
F Jasmine Paolini
41%
F Karolína Muchová
41%
F Dominika Cibulková
34%
F Eugenie Bouchard
31%
F Qinwen Zheng
28%
F Jennifer Brady
24%
F Vera Zvonareva
24%
F Vera Zvonareva
24%
F Anastasia Pavlyuchenkova
17%
F Lucie Šafářová
14%
No matching quizzes found
Score Distribution
Percent of People with Each Score
Percentile by Number Answered
Your Score History
You have not taken this quiz since the last reset